Historia de la vida cotidiana en México (Record no. 1793)

MARC details
000 -CABECERA
campo de control de longitud fija 01154nam a2200241 a 4500
001 - NÚMERO DE CONTROL
campo de control BRCA_2027
005 - FECHA Y HORA DE LA ÚLTIMA TRANSACCIÓN
campo de control 20190320203636.0
008 - DATOS DE LONGITUD FIJA--INFORMACIÓN GENERAL
campo de control de longitud fija 310708m20042006mx-a---###---#000-0#spa-#
020 ## - NÚMERO INTERNACIONAL ESTÁNDAR DEL LIBRO
Número Internacional Estándar del Libro 9681210867
050 #4 - SIGNATURA TOPOGRÁFICA DE LA BIBLIOTECA DEL CONGRESO
Número de clasificación F1386.2
Número de documento/Ítem .G66 2004
100 1# - ENTRADA PRINCIPAL--NOMBRE DE PERSONA
Nombre de persona Gonzalbo Aizpuru, Pilar
9 (RLIN) 6189
245 10 - MENCIÓN DE TÍTULO
Título Historia de la vida cotidiana en México
Mención de responsabilidad, etc. dirigida por Pilar Gonzalbo Aizpuru.
260 ## - PUBLICACIÓN, DISTRIBUCIÓN, ETC.
Lugar de publicación, distribución, etc. México
Nombre del editor, distribuidor, etc. COLMEX : FCE
Fecha de publicación, distribución, etc. 2004-2006
300 ## - DESCRIPCIÓN FÍSICA
Extensión 6 v.
Otras características físicas il. (algunas a color)
Dimensiones 21 cm.
440 #0 - MENCIÓN DE SERIE/PUNTO DE ACCESO ADICIONAL--TÍTULO
Título Sección de obras de historia
9 (RLIN) 6190
500 ## - NOTA GENERAL
Nota general Incluye índice analítico
505 0# - NOTA DE CONTENIDO CON FORMATO
Nota de contenido con formato Contenido: v.1. Mesoamérica y los ámbitos indígenas de la nueva españa / Pablo Escalente Gonzalbo. -- v.2. La ciudad barroca / Antonio Rubial Garcia. -- v.3. El siglo XVIII: entre tradicion y cambio / Pilar Gonzalbo Aizpuru. -- v.4. Bienes y vivencias. El siglo XX / Anne Staples. -- v.5. pt.1 Siglo XX Campo y ciudad / Aurelio de los Reyes la imagen ¿espejo de la vida?
651 #4 - PUNTO DE ACCESO ADICIONAL DE MATERIA--NOMBRE GEOGRÁFICO
Nombre geográfico México
Subdivisión general Vida social y costumbres
9 (RLIN) 769
700 1# - PUNTO DE ACCESO ADICIONAL--NOMBRE DE PERSONA
Nombre de persona Escalente Gonzalbo, Pablo
9 (RLIN) 6191
700 1# - PUNTO DE ACCESO ADICIONAL--NOMBRE DE PERSONA
Nombre de persona Rubial Garcia, Antonio
9 (RLIN) 363
700 1# - PUNTO DE ACCESO ADICIONAL--NOMBRE DE PERSONA
Nombre de persona Staples, Anne
9 (RLIN) 6192
942 ## - ELEMENTOS DE PUNTO DE ACCESO ADICIONAL (KOHA)
Fuente del sistema de clasificación o colocación Library of Congress Classification
Tipo de ítem Koha Libros
Holdings
Estado de retiro Estado de pérdida Estado dañado No para préstamo Localización permanente Ubicación/localización actual Fecha de adquisición Total de préstamos Signatura topográfica completa Código de barras Fecha visto por última vez Precio válido a partir de Tipo de ítem Koha Código de colección
El ejemplar forma parte de la colección y puede ser consultado según las políticas vigentes.       Biblioteca del Museo Franz Mayer (Rogerio Casas-Alatriste) Biblioteca del Museo Franz Mayer (Rogerio Casas-Alatriste) 31/07/2008   F1386.2 .G66 2004 00449 22/03/2019 22/03/2019 Libros  
El ejemplar forma parte de la colección y puede ser consultado según las políticas vigentes.       Biblioteca del Museo Franz Mayer (Rogerio Casas-Alatriste) Biblioteca del Museo Franz Mayer (Rogerio Casas-Alatriste) 01/10/2010   F1386.2 .G66 2004 00450 22/03/2019 22/03/2019 Libros Acervo General
El ejemplar forma parte de la colección y puede ser consultado según las políticas vigentes.       Biblioteca del Museo Franz Mayer (Rogerio Casas-Alatriste) Biblioteca del Museo Franz Mayer (Rogerio Casas-Alatriste) 01/10/2010   F1386.2 .G66 2004 00451 22/03/2019 22/03/2019 Libros Acervo General
El ejemplar forma parte de la colección y puede ser consultado según las políticas vigentes.       Biblioteca del Museo Franz Mayer (Rogerio Casas-Alatriste) Biblioteca del Museo Franz Mayer (Rogerio Casas-Alatriste) 01/10/2010   F1386.2 .G66 2004 00452 22/03/2019 22/03/2019 Libros Acervo General
El ejemplar forma parte de la colección y puede ser consultado según las políticas vigentes.       Biblioteca del Museo Franz Mayer (Rogerio Casas-Alatriste) Biblioteca del Museo Franz Mayer (Rogerio Casas-Alatriste) 01/10/2010   F1386.2 .G66 2004 00453 22/03/2019 22/03/2019 Libros Acervo General
El ejemplar forma parte de la colección y puede ser consultado según las políticas vigentes.       Biblioteca del Museo Franz Mayer (Rogerio Casas-Alatriste) Biblioteca del Museo Franz Mayer (Rogerio Casas-Alatriste) 01/10/2010   F1386.2 .G66 2004 00454 22/03/2019 22/03/2019 Libros Acervo General